Territorial Losses of Germany after WWI with Disappearing Map - Statistics

General Stats
  • This quiz has been taken 15,733 times
  • The average score is 9 of 15
Answers on the Map
Answers color-coded by a green-red scale on the quiz's map according to % correct below.
 
Answer Stats
Countries % Correct
Poland
97%
France
91%
Denmark
89%
United Kingdom
82%
Belgium
80%
Lithuania
68%
Australia
62%
Japan
61%
South Africa
61%
Czechoslovakia
52%
New Zealand
46%
China
43%
Danzig
37%
Portugal
30%
Saar Basin
17%
No matching quizzes found
Score Distribution
Percent of People with Each Score
Percentile by Number Answered
Your Score History
You have not taken this quiz